French Actors Who Played in US Movies by Picture - Statistics

General Stats
  • This quiz has been taken 92 times
  • The average score is 9 of 16
Answer Stats
Picture Hint Answer % Correct
The Pink Panther Jean Reno
80%
The Call of the Wild Omar Sy
79%
Inception Marion Cotillard
78%
Black Swan Vincent Cassel
70%
Once a Thief Alain Delon
69%
1492: Conquest of Paradise Gérard Depardieu
67%
Mission: Impossible - Ghost Protocol Léa Seydoux
63%
Miss Peregrine's Home for Peculiar Children Eva Green
55%
Da Vinci Code Audrey Tautou
52%
The World Is Not Enough Sophie Marceau
50%
Hustle Catherine Deneuve
48%
Night at the Museum: Battle of the Smithsonian Alain Chabat
43%
The Longest Day Bourvil
43%
The Unbearable Lightness of Being Juliette Binoche
41%
Act of Love Brigitte Bardot
24%
The Matrix Reloaded Lambert Wilson
24%
No matching quizzes found
Score Distribution
Percent of People with Each Score
Percentile by Number Answered
Your Score History
You have not taken this quiz